000 00398cam a22001097a 4500
008 180718b1960 xxu||||| |||| 00| 0 eng d
082 _aB71103x5451 An24/1959r
100 _aAndhra Pradesh. Planning and Local Administration Department
245 _aStatutory rules under the Andhra Pradesh panchayat samithis and zilla parishads act, 1959
260 _aHyderabad
_bThe author
_c1960
300 _a165+p.
999 _c488540
_d488540